| 000 | 00480nam a2200157 4500 | ||
|---|---|---|---|
| 001 | 138504 | ||
| 003 | ES-MaACL | ||
| 005 | 20230906195558.0 | ||
| 007 | t| | ||
| 008 | 070214s1906 sp r ||||1| spa d | ||
| 100 | 1 |
_aSan Martín Satrústegui, Alejandro. _9102275 |
|
| 245 | 1 | 0 |
_aMi paso por el Ministerio de Instrucción Pública / _cAlejandro San Martín y Satrústegui. |
| 260 |
_aMadrid : _b[s. n.], _c1906. |
||
| 300 |
_a44 p. ; _c21 x 14 cm. |
||
| 852 |
_aES-MaACL _jG-11039 |
||
| 999 |
_c138504 _d138504 |
||